| 000 | 00532nam a2200133Ia 4500 | ||
|---|---|---|---|
| 008 | 200226s9999 xx 000 0 und d | ||
| 020 | _a978-1-68094-827-1 | ||
| 245 |
_cEdited by: Aleksandar Mratinkovic.-- _aTheory, practice and techniques in java programming / |
||
| 260 |
_aNew York : _b3G E-LEARNING _c2018 |
||
| 300 |
_aviii , 320 pages : _bcolor illustrations ; _c29 cm. |
||
| 500 | _aincludes bibligraphical reference and indexes. | ||
| 650 | _aApplication software -- development. | ||
| 650 | _aJava (Computer program language). | ||
| 999 |
_c362993 _d362993 |
||